[Event "London Classic op 8th"]
[Site "London"]
[Date "2016.12.14"]
[Round "7"]
[White "Vardan, Nagpal"]
[Black "Cohen, Ronnie"]
[Result "1-0"]
[WhiteElo "2079"]
[BlackElo "1903"]
[PlyCount "97"]
[EventDate "2016.12.09"]
[EventType "swiss"]
[EventRounds "9"]
[EventCountry "ENG"]
[SourceTitle "CBM 176 Extra"]
[Source "ChessBase"]
[SourceDate "2017.03.02"]
[SourceVersion "1"]
[SourceVersionDate "2017.03.02"]
[SourceQuality "1"]

1. d4 Nf6 2. c4 g6 3. Nc3 Bg7 4. e4 d6 5. f3 c6 6. Be3 e5 7. Nge2 Nbd7 8. Qd2 0-0 9. 0-0-0 Qa5 10. Kb1 b5 11. cxb5 cxb5 12. Nd5 Qxd2 13. Nxf6+ Bxf6 14. Rxd2 b4 15. Nc1 a5 16. Be2 Kg7 17. dxe5 dxe5 18. Rhd1 Nb8 19. Nb3 a4 20. Nc5 Be7 21. Bc4 Ra5 22. Nd3 Nd7 23. Bd5 a3 24. b3 f5 25. Rc1 f4 26. Bf2 g5 27. Rc7 Bd6 28. Rc1 Nb8 29. Nc5 Rf6 30. Nb7 Bxb7 31. Bxb7 Rf7 32. Bc8 Bf8 33. Bb6 Rb5 34. Bf2 h6 35. Be6 Re7 36. Bd5 Rd7 37. Rdc2 Bd6 38. Rc8 Kg6 39. h4 gxh4 40. Bxh4 Be7 41. Bf2 Rd8 42. Rxd8 Bxd8 43. Rc8 Bf6 44. Kc2 Be7 45. Kd3 Nd7 46. Rc7 Bc5 47. Kc4 Nb6+ 48. Kxb5 Bxf2 49. Rc6+ 1-0

[Event "London Classic op 8th"]
[Site "London"]
[Date "2016.12.11"]
[Round "4"]
[White "Cohen, Ronnie"]
[Black "Gollain, Marc"]
[Result "1/2-1/2"]
[WhiteElo "1903"]
[BlackElo "2122"]
[PlyCount "127"]
[EventDate "2016.12.09"]
[EventType "swiss"]
[EventRounds "9"]
[EventCountry "ENG"]
[SourceTitle "CBM 176 Extra"]
[Source "ChessBase"]
[SourceDate "2017.03.02"]
[SourceVersion "1"]
[SourceVersionDate "2017.03.02"]
[SourceQuality "1"]

1. e4 c5 2. Nc3 Nc6 3. g3 g6 4. Bg2 Bg7 5. Nge2 d6 6. d3 e6 7. 0-0 Nge7 8. Be3 Nd4 9. f4 0-0 10. Bf2 Nec6 11. Nxd4 Nxd4 12. Rb1 Qa5 13. a3 Bd7 14. Re1 Rac8 15. h3 b5 16. Ne2 Qc7 17. c3 Nc6 18. Qd2 a5 19. Rbc1 a4 20. Rcd1 Na5 21. Nc1 Rfe8 22. Kh2 Rb8 23. d4 Nc4 24. Qe2 cxd4 25. Bxd4 e5 26. fxe5 dxe5 27. Bg1 Be6 28. Nd3 Bf8 29. Qf2 Rbc8 30. Rf1 Red8 31. Qe2 Rd7 32. Nb4 Bxb4 33. axb4 Rcd8 34. Rxd7 Rxd7 35. Be3 Qd8 36. Bh6 Rd6 37. Qf2 Nd2 38. Re1 Nc4 39. Rf1 Rd3 40. Re1 Rd6 41. h4 f6 42. Rf1 Bg4 43. Qa7 Rd7 44. Qc5 Nxb2 45. Qxb5 Rd6 46. Rf2 a3 47. Qb7 Bd7 48. Qa7 Na4 49. Bf1 Nxc3 50. Bc4+ Kh8 51. Qxa3 Nxe4 52. Ra2 Bc6 53. b5 Bb7 54. Qa7 Rd7 55. Be6 Re7 56. b6 Nd6 57. Bb3 Nf5 58. Rd2 Qe8 59. Ba4 Qc8 60. Rc2 Qd8 61. Rd2 Qc8 62. Rc2 Qd8 63. Rd2 Qc8 64. Rc2 1/2-1/2

[Event "London Classic op 8th"]
[Site "London"]
[Date "2016.12.10"]
[Round "3"]
[White "Kretov, Ivan"]
[Black "Cohen, Ronnie"]
[Result "0-1"]
[WhiteElo "1674"]
[BlackElo "1903"]
[PlyCount "96"]
[EventDate "2016.12.09"]
[EventType "swiss"]
[EventRounds "9"]
[EventCountry "ENG"]
[SourceTitle "CBM 176 Extra"]
[Source "ChessBase"]
[SourceDate "2017.03.02"]
[SourceVersion "1"]
[SourceVersionDate "2017.03.02"]
[SourceQuality "1"]

1. d4 Nf6 2. c4 b6 3. Nc3 Bb7 4. e3 e6 5. Nf3 Be7 6. Bd3 0-0 7. 0-0 d5 8. b3 Nbd7 9. Bb2 Ne4 10. cxd5 exd5 11. Qe2 a6 12. Qc2 f5 13. Rfc1 Rc8 14. Qe2 b5 15. Rc2 c5 16. dxc5 Bxc5 17. Rd1 Ndf6 18. Rdc1 Qb6 19. Bxe4 dxe4 20. Nd4 Nd7 21. Nxf5 Rxf5 22. Qg4 Qg6 23. Qxg6 hxg6 24. Ne2 Rd5 25. b4 Bf8 26. Rxc8 Bxc8 27. Nf4 Rd2 28. Bd4 Nf6 29. Nxg6 Be6 30. Bc5 Bxc5 31. bxc5 Kf7 32. Ne5+ Ke8 33. c6 Rxa2 34. c7 Bc8 35. Nc6 Rd2 36. h3 Nd5 37. Ne5 Nb4 38. Rc5 Rc2 39. Rxc2 Nxc2 40. Kf1 Ke7 41. Ke2 Kd6 42. Nf7+ Kxc7 43. Ng5 Kb6 44. Kd2 Nb4 45. g4 Bb7 46. Ne6 Nd3 47. Ke2 g6 48. f3 Nc1+ 0-1

[Event "London Golders Green op U2200 5th"]
[Site "London"]
[Date "2015.01.18"]
[Round "4"]
[White "Klingher, Dominic"]
[Black "Cohen, Ronnie"]
[Result "1-0"]
[WhiteElo "1858"]
[BlackElo "1927"]
[PlyCount "105"]
[EventDate "2015.01.17"]
[EventType "swiss"]
[EventRounds "5"]
[EventCountry "ENG"]
[SourceTitle "EXT 2018"]
[Source "ChessBase"]
[SourceDate "2017.10.13"]
[SourceVersion "1"]
[SourceVersionDate "2017.10.13"]
[SourceQuality "1"]

1. e4 c6 2. d4 d5 3. f3 e6 4. Be3 dxe4 5. fxe4 Qh4+ 6. g3 Qxe4 7. Qd2 Qd5 8. Bg2 Qd8 9. Nc3 Nf6 10. Nge2 Be7 11. 0-0-0 Nd5 12. Kb1 Nd7 13. Rhf1 N7f6 14. h3 0-0 15. Ne4 Nxe3 16. Qxe3 Bd7 17. g4 Rb8 18. N2c3 Nd5 19. Qf3 b5 20. Ng3 b4 21. Nce4 Qa5 22. Rd3 f5 23. gxf5 exf5 24. Nd2 Qb5 25. Qh5 g6 26. Qh6 f4 27. Nge4 Bf5 28. h4 Rf7 29. Bf3 Bf8 30. Qg5 h6 31. Qg1 Ne3 32. Re1 a5 33. Be2 Qd5 34. Bf3 Qd8 35. Qh2 Nd5 36. Rg1 Rg7 37. Nc4 Nf6 38. Qxf4 Kh7 39. Rdd1 Nd5 40. Qg3 a4 41. Nc5 a3 42. Bxd5 cxd5 43. Ne5 Qd6 44. b3 Re8 45. Qf4 Be7 46. h5 Bg5 47. Qh2 Rc7 48. hxg6+ Kg7 49. Rxg5 hxg5 50. Qh7+ Kf6 51. Qh5 Rxe5 52. dxe5+ Qxe5 53. Qh8+ 1-0

[Event "London Classic op 6th"]
[Site "London"]
[Date "2014.12.13"]
[Round "6"]
[White "Cohen, Ronnie"]
[Black "Smith, Andrew Philip"]
[Result "0-1"]
[WhiteElo "1929"]
[BlackElo "2148"]
[PlyCount "66"]
[EventDate "2014.12.08"]
[EventType "swiss"]
[EventRounds "9"]
[EventCountry "ENG"]
[SourceTitle "CBM 163 Extra"]
[Source "ChessBase"]
[SourceDate "2014.12.23"]
[SourceVersion "1"]
[SourceVersionDate "2014.12.23"]
[SourceQuality "1"]

1. e4 e5 2. Nf3 d6 3. d4 Nd7 4. dxe5 dxe5 5. Bc4 Qf6 6. 0-0 h6 7. Nc3 c6 8. Be3 Bd6 9. Qd2 Ne7 10. Rad1 Bc7 11. a3 g5 12. Kh1 Ng6 13. Ng1 Nf4 14. b4 a6 15. Bb3 b5 16. Nce2 0-0 17. c4 Nb6 18. c5 Nc4 19. Bxc4 bxc4 20. Qc3 Be6 21. Nc1 a5 22. g3 axb4 23. axb4 Nh3 24. Nce2 Ra2 25. f4 Nxg1 26. Nxg1 gxf4 27. Rxf4 Qg6 28. Rh4 Bd8 29. Rxd8 Rxd8 30. Qxe5 Qg7 31. Qh5 Qb2 32. Qf3 Rd3 33. Bc1 Qxc1 0-1

[Event "London Classic op 6th"]
[Site "London"]
[Date "2014.12.12"]
[Round "5"]
[White "Moore, Gerald C"]
[Black "Cohen, Ronnie"]
[Result "1/2-1/2"]
[WhiteElo "2169"]
[BlackElo "1929"]
[PlyCount "45"]
[EventDate "2014.12.08"]
[EventType "swiss"]
[EventRounds "9"]
[EventCountry "ENG"]
[SourceTitle "CBM 163 Extra"]
[Source "ChessBase"]
[SourceDate "2014.12.23"]
[SourceVersion "1"]
[SourceVersionDate "2014.12.23"]
[SourceQuality "1"]

1. Nf3 Nf6 2. c4 g6 3. b4 Bg7 4. Bb2 d6 5. d3 Nbd7 6. g3 a5 7. a3 axb4 8. axb4 Rxa1 9. Bxa1 0-0 10. Bg2 c6 11. 0-0 Re8 12. Nbd2 e5 13. e4 Nf8 14. h3 Ne6 15. Bc3 Nd7 16. Nb3 c5 17. b5 b6 18. Qe2 Bb7 19. Ra1 Qc7 20. Ra7 Ra8 21. Qa2 Qb8 22. Rxa8 Qxa8 23. Qxa8+ 1/2-1/2

[Event "London Classic op"]
[Site "London"]
[Date "2011.12.04"]
[Round "2"]
[White "Murray, David"]
[Black "Cohen, Ronnie"]
[Result "1-0"]
[WhiteElo "2133"]
[BlackElo "1930"]
[PlyCount "47"]
[EventDate "2011.12.03"]
[EventType "swiss"]
[EventRounds "9"]
[EventCountry "ENG"]
[SourceTitle "CBM 145 Extra"]
[Source "ChessBase"]
[SourceDate "2012.01.03"]
[SourceVersion "1"]
[SourceVersionDate "2012.01.03"]
[SourceQuality "1"]

1. e4 c6 2. d4 d5 3. e5 e6 4. Nf3 c5 5. c3 Nc6 6. Bd3 Qb6 7. 0-0 cxd4 8. cxd4 Bd7 9. Nc3 Nxd4 10. Nxd4 Qxd4 11. Nb5 Qxe5 12. g3 Bxb5 13. Bxb5+ Kd8 14. Bf4 Qxb2 15. Rb1 Qa3 16. Qd4 Nf6 17. Rfc1 Rc8 18. Rxc8+ Kxc8 19. Rb3 Bc5 20. Rc3 Kd8 21. Rxc5 b6 22. Rc3 Qa5 23. Qe5 Ne4 24. Qc7# 1-0

[Event "Brighton op"]
[Site "Brighton"]
[Date "2010.11.14"]
[Round "4"]
[White "Holland, James P"]
[Black "Cohen, Ronnie"]
[Result "1/2-1/2"]
[WhiteElo "2079"]
[BlackElo "1935"]
[PlyCount "87"]
[EventDate "2010.11.12"]
[EventType "swiss"]
[EventRounds "5"]
[EventCountry "ENG"]
[SourceTitle "EXT 2011"]
[Source "ChessBase"]
[SourceDate "2010.11.26"]
[SourceVersion "1"]
[SourceVersionDate "2010.11.26"]
[SourceQuality "1"]

1. d4 Nf6 2. c4 g6 3. Nf3 Bg7 4. g3 d6 5. Bg2 0-0 6. 0-0 c6 7. Nc3 Nbd7 8. e4 e5 9. h3 Re8 10. Be3 Qc7 11. Re1 Nf8 12. Qc2 Bd7 13. c5 Qc8 14. dxe5 dxe5 15. Kh2 Qc7 16. Nd2 Ne6 17. Ne2 Bf8 18. b4 Rad8 19. Nc4 Bc8 20. Qb2 Nd7 21. Rac1 f6 22. a4 Be7 23. a5 a6 24. h4 Ndf8 25. Nb6 Ng7 26. Nxc8 Qxc8 27. Bh3 Nfe6 28. Qb3 Kh8 29. Bh6 Bf8 30. Rcd1 Qc7 31. Rxd8 Nxd8 32. Rd1 Qf7 33. Bxg7+ Kxg7 34. Qd3 Ne6 35. Qd7 Re7 36. Qc8 f5 37. exf5 gxf5 38. Qb8 Kf6 39. f4 exf4 40. gxf4 Nxc5 41. Qd6+ Qe6 42. Ng3 Qxd6 43. Rxd6+ Ne6 44. Nxf5 1/2-1/2

[Event "Hastings Masters op 83rd"]
[Site "Hastings"]
[Date "2008.01.05"]
[Round "9"]
[White "Cohen, Ronnie"]
[Black "MacRae, James"]
[Result "1-0"]
[WhiteElo "1967"]
[BlackElo "1766"]
[PlyCount "109"]
[EventDate "2007.12.28"]
[EventType "swiss"]
[EventRounds "10"]
[EventCountry "ENG"]
[SourceTitle "CBM 122 Extra"]
[Source "ChessBase"]
[SourceDate "2008.03.04"]
[SourceVersion "1"]
[SourceVersionDate "2008.03.04"]
[SourceQuality "1"]

1. e4 Nc6 2. Nf3 d6 3. d4 Nf6 4. Nc3 a6 5. h3 e6 6. Be3 Be7 7. a3 0-0 8. Bd3 b5 9. 0-0 Bb7 10. Nd2 e5 11. d5 Nb8 12. Ne2 c6 13. dxc6 Bxc6 14. Ng3 Nbd7 15. Nf5 Nc5 16. f3 Nxd3 17. cxd3 Qd7 18. b4 Rfc8 19. Nb3 Rab8 20. Qd2 Bd8 21. Qf2 g6 22. Nh6+ Kg7 23. d4 exd4 24. Nxd4 Ba8 25. Qg3 Kf8 26. Nhf5 Nh5 27. Qxd6+ Qxd6 28. Nxd6 Rc3 29. Bf2 Be7 30. e5 Bxd6 31. exd6 Rd8 32. Ne2 Rc2 33. Rfe1 Rd2 34. Bc5 Kg8 35. Rad1 Rxd1 36. Rxd1 Bc6 37. Nd4 Bd7 38. Re1 Re8 39. Rxe8+ Bxe8 40. Nb3 Nf6 41. Kf2 Nd5 42. Ba7 Nf6 43. Nc5 a5 44. bxa5 Bc6 45. Bb6 Kf8 46. Ke3 Ke8 47. Kd4 Nd7 48. Nd3 Bb7 49. Nb4 Nb8 50. Kc5 Kd7 51. Bc7 Nc6 52. Kxb5 Nxb4 53. axb4 g5 54. Kb6 Kc8 55. d7+ 1-0

[Event "Hastings Masters op 83rd"]
[Site "Hastings"]
[Date "2008.01.04"]
[Round "8"]
[White "Milnes, Anthony CP"]
[Black "Cohen, Ronnie"]
[Result "1/2-1/2"]
[WhiteElo "2126"]
[BlackElo "1967"]
[PlyCount "46"]
[EventDate "2007.12.28"]
[EventType "swiss"]
[EventRounds "10"]
[EventCountry "ENG"]
[SourceTitle "CBM 122 Extra"]
[Source "ChessBase"]
[SourceDate "2008.03.04"]
[SourceVersion "1"]
[SourceVersionDate "2008.03.04"]
[SourceQuality "1"]

1. e4 c6 2. d4 d5 3. exd5 cxd5 4. Bd3 Nf6 5. Bf4 Nc6 6. c3 g6 7. Nf3 Bg7 8. 0-0 0-0 9. Re1 Bg4 10. Nbd2 e6 11. h3 Bxf3 12. Nxf3 a6 13. Qd2 Kh8 14. Ne5 Rc8 15. Bg5 Qe8 16. Bh6 Ng8 17. Bxg7+ Kxg7 18. f4 f5 19. Kh2 Nf6 20. Rg1 Ne4 21. Qe2 Nxe5 22. fxe5 h5 23. Rgf1 Qe7 1/2-1/2

[Event "Hastings Masters op 83rd"]
[Site "Hastings"]
[Date "2007.12.31"]
[Round "4"]
[White "Cohen, Ronnie"]
[Black "Atako, Chino"]
[Result "1/2-1/2"]
[WhiteElo "1967"]
[BlackElo "2165"]
[PlyCount "127"]
[EventDate "2007.12.28"]
[EventType "swiss"]
[EventRounds "10"]
[EventCountry "ENG"]
[SourceTitle "CBM 122 Extra"]
[Source "ChessBase"]
[SourceDate "2008.03.04"]
[SourceVersion "1"]
[SourceVersionDate "2008.03.04"]
[SourceQuality "1"]

1. e4 c5 2. Nf3 g6 3. c4 Nc6 4. d4 cxd4 5. Nxd4 Nf6 6. Nc3 d6 7. Be3 Bg7 8. Be2 0-0 9. 0-0 Bd7 10. Rc1 Nxd4 11. Bxd4 Bc6 12. f3 a5 13. Qd2 Nd7 14. Be3 Nc5 15. b3 f5 16. exf5 gxf5 17. Nd5 e5 18. Bg5 Qe8 19. Nc7 Qg6 20. Nxa8 Rxa8 21. Rcd1 Bf8 22. Bh4 Ne6 23. Bd3 Bh6 24. Qf2 Kh8 25. Qg3 Qf7 26. Qh3 Rf8 27. Bf2 Bf4 28. Qxf5 Qxf5 29. Bxf5 Rxf5 30. Rxd6 Rf6 31. g3 Bh6 32. Re1 Bf8 33. Rd3 Nd4 34. Rxd4 exd4 35. Bxd4 Bg7 36. Bxf6 Bxf6 37. Kg2 Kg7 38. h3 Kf7 39. Kf2 Bc3 40. Rd1 Ke7 41. Ke3 Bb4 42. f4 Bc5+ 43. Ke2 Bg2 44. h4 h5 45. Kd3 Bb4 46. a3 Bxa3 47. Re1+ Kf6 48. Re5 Bf3 49. Rxa5 Bb4 50. Rg5 Be1 51. c5 Bg4 52. c6 bxc6 53. Rc5 Bf3 54. Rg5 Bf2 55. b4 Bg4 56. b5 cxb5 57. Rxb5 Bxg3 58. Ke3 Bxh4 59. Rb6+ Kf5 60. Rb5+ Kg6 61. Rb6+ Bf6 62. Rb1 h4 63. Rg1 Kf5 64. Rxg4 1/2-1/2

[Event "Hastings Masters op 82nd"]
[Site "Hastings"]
[Date "2007.01.03"]
[Round "7"]
[White "Snape, Ian L"]
[Black "Cohen, Ronnie"]
[Result "1/2-1/2"]
[WhiteElo "2217"]
[BlackElo "1841"]
[PlyCount "57"]
[EventDate "2006.12.28"]
[EventType "swiss"]
[EventRounds "9"]
[EventCountry "ENG"]
[SourceTitle "CBM 116 Extra"]
[Source "ChessBase"]
[SourceDate "2007.03.07"]
[SourceVersion "1"]
[SourceVersionDate "2007.03.07"]
[SourceQuality "1"]

1. c4 Nf6 2. Nc3 g6 3. g3 Bg7 4. Bg2 c5 5. Nf3 Nc6 6. d4 cxd4 7. Nxd4 0-0 8. 0-0 Nxd4 9. Qxd4 d6 10. Qd3 Rb8 11. Bd2 Nd7 12. b3 Nc5 13. Qe3 a5 14. Rac1 Bd7 15. Rfd1 Bc6 16. Nd5 Bxd5 17. cxd5 b5 18. Bc3 Bxc3 19. Rxc3 Qd7 20. Bf3 Rfe8 21. g4 Qa7 22. Qh6 b4 23. Rc4 Nd7 24. g5 Rec8 25. Rdc1 Qb7 26. Qh3 Rxc4 27. Rxc4 Rc8 28. Rc6 Rc7 29. Qh4 1/2-1/2

[Event "Hastings Masters op 82nd"]
[Site "Hastings"]
[Date "2006.12.28"]
[Round "1"]
[White "Fowler, Simon"]
[Black "Cohen, Ronnie"]
[Result "1/2-1/2"]
[WhiteElo "2201"]
[BlackElo "1841"]
[PlyCount "87"]
[EventDate "2006.12.28"]
[EventType "swiss"]
[EventRounds "9"]
[EventCountry "ENG"]
[SourceTitle "CBM 116 Extra"]
[Source "ChessBase"]
[SourceDate "2007.03.07"]
[SourceVersion "1"]
[SourceVersionDate "2007.03.07"]
[SourceQuality "1"]

1. e4 c6 2. Nc3 d5 3. Qf3 dxe4 4. Nxe4 Nd7 5. d4 Ngf6 6. Bc4 e6 7. Bg5 Be7 8. h4 h6 9. Be3 Nxe4 10. Qxe4 Nf6 11. Qf3 Nd5 12. Qg3 Bf6 13. Nf3 b6 14. 0-0-0 Bb7 15. Rhe1 Qe7 16. Bf4 Nxf4 17. Qxf4 0-0-0 18. Ne5 Bxe5 19. Rxe5 Qc7 20. Qe3 Kb8 21. h5 Rd7 22. Re1 Rhd8 23. c3 Qd6 24. g4 c5 25. dxc5 bxc5 26. f4 Qd2+ 27. Qxd2 Rxd2 28. Be2 R2d5 29. Re3 R5d7 30. Rg3 Kc7 31. Rd1 Rxd1+ 32. Bxd1 f6 33. Re3 Re8 34. Bf3 Bxf3 35. Rxf3 e5 36. fxe5 Rxe5 37. Kd2 Re4 38. Rg3 c4 39. b3 Kc6 40. Rg2 Kc5 41. Rg1 a5 42. Rg2 Kb5 43. Rg1 Kc5 44. Rg2 1/2-1/2

[Event "Civil Service Major op"]
[Site "London"]
[Date "2005.11.05"]
[Round "2"]
[White "Lunn, Simon"]
[Black "Cohen, Ronnie"]
[Result "0-1"]
[WhiteElo "1824"]
[BlackElo "1696"]
[PlyCount "56"]
[EventDate "2005.11.05"]
[EventType "swiss"]
[EventRounds "5"]
[EventCountry "ENG"]
[SourceTitle "EXT 2007"]
[Source "ChessBase"]
[SourceDate "2006.11.23"]
[SourceVersion "1"]
[SourceVersionDate "2006.11.23"]
[SourceQuality "1"]

1. e4 d6 2. d4 Nf6 3. Nc3 g6 4. Nf3 Bg7 5. h3 0-0 6. Be3 Nbd7 7. e5 Ne8 8. e6 fxe6 9. h4 Nef6 10. h5 Nxh5 11. Ng5 Nb6 12. Rxh5 gxh5 13. Qxh5 h6 14. Bd3 Rf5 15. Bxf5 exf5 16. Qf7+ Kh8 17. 0-0-0 Qf8 18. Qb3 f4 19. Nf7+ Kh7 20. Bd2 Kg6 21. Ne2 e6 22. Nxf4+ Kxf7 23. Qf3 Kg8 24. Qg3 Qf7 25. Rh1 Kf8 26. Ng6+ Ke8 27. Bxh6 Bxd4 28. Rh4 Bxf2 0-1

[Event "Southend op"]
[Site "London"]
[Date "2005.03.26"]
[Round "3"]
[White "White, Graham C"]
[Black "Cohen, Ronnie"]
[Result "1/2-1/2"]
[WhiteElo "1984"]
[BlackElo "1806"]
[PlyCount "64"]
[EventDate "2005.03.25"]
[EventType "swiss"]
[EventRounds "7"]
[EventCountry "ENG"]
[SourceTitle "EXT 2006"]
[Source "ChessBase"]
[SourceDate "2005.11.24"]
[SourceVersion "1"]
[SourceVersionDate "2005.11.24"]
[SourceQuality "1"]

1. e4 c6 2. d4 d5 3. e5 Bf5 4. Bd3 Bxd3 5. Qxd3 e6 6. Ne2 Qb6 7. c3 c5 8. Nd2 Nc6 9. 0-0 cxd4 10. cxd4 Nge7 11. Nb3 Nf5 12. Bd2 h5 13. Bc3 Be7 14. Ng3 g6 15. Nxf5 gxf5 16. f4 0-0-0 17. Kh1 Rdg8 18. Nd2 Qd8 19. Rac1 Qf8 20. Rf2 Qh6 21. Nf1 Rg4 22. Bd2 Qg7 23. Rxc6+ bxc6 24. Qa6+ Kb8 25. Qxc6 Rc8 26. Qd7 Qf8 27. Qb5+ Ka8 28. Ne3 Rg8 29. Nxd5 exd5 30. Qxd5+ Kb8 31. Qb5+ Ka8 32. Qd5+ Kb8 1/2-1/2

[Event "Politiken Cup 24th"]
[Site "Copenhagen"]
[Date "2002.07.25"]
[Round "10"]
[White "Jorgensen, Orla Eilegaard"]
[Black "Cohen, Ronnie"]
[Result "0-1"]
[WhiteElo "1420"]
[BlackElo "1800"]
[PlyCount "36"]
[EventDate "2002.07.15"]
[EventType "swiss"]
[EventRounds "11"]
[EventCountry "DEN"]
[SourceTitle "CBM 089 Extra"]
[Source "ChessBase"]
[SourceDate "2002.09.10"]
[SourceVersion "2"]
[SourceVersionDate "2002.09.10"]
[SourceQuality "1"]

1. f4 d5 2. Nf3 c5 3. e3 Nf6 4. b3 e6 5. Bb2 Be7 6. c4 0-0 7. cxd5 exd5 8. d4 Re8 9. Ne5 Ne4 10. Nf3 Bg4 11. Be2 cxd4 12. Bxd4 Bxf3 13. Bxf3 Bb4+ 14. Ke2 Nc6 15. Bxe4 Rxe4 16. Kf2 Nxd4 17. exd4 Rxf4+ 18. Ke2 Qe7+ 0-1

[Event "Politiken Cup 24th"]
[Site "Copenhagen"]
[Date "2002.07.19"]
[Round "5"]
[White "Cohen, Ronnie"]
[Black "Hau, Helge"]
[Result "1/2-1/2"]
[WhiteElo "1800"]
[BlackElo "1503"]
[PlyCount "156"]
[EventDate "2002.07.15"]
[EventType "swiss"]
[EventRounds "11"]
[EventCountry "DEN"]
[SourceTitle "CBM 089 Extra"]
[Source "ChessBase"]
[SourceDate "2002.09.10"]
[SourceVersion "2"]
[SourceVersionDate "2002.09.10"]
[SourceQuality "1"]

1. d4 f5 2. c4 Nf6 3. Nc3 g6 4. Nf3 Bg7 5. e3 b6 6. Be2 Bb7 7. 0-0 e6 8. Bd2 Nc6 9. Rc1 Ne4 10. Be1 Ne7 11. Qb3 Nxc3 12. Bxc3 0-0 13. Bb4 d6 14. Rfd1 Nc6 15. Be1 Kh8 16. c5 d5 17. cxb6 axb6 18. Rc2 Na5 19. Bxa5 Rxa5 20. Rdc1 Rf7 21. Bb5 Ra7 22. Bc6 h6 23. a3 Bc8 24. Rc3 Ba6 25. Qc2 Bf6 26. Nd2 Qb8 27. Qd1 Kh7 28. b4 Re7 29. Rb3 b5 30. Rbc3 h5 31. Nb3 Bc8 32. Na5 Rg7 33. Rc5 Ba6 34. Qe2 Be7 35. R5c3 Qb6 36. Qc2 Bd6 37. Nb3 Bc8 38. Na5 Ba6 39. Rb3 Bc8 40. Be8 Bd7 41. Bxd7 Rxd7 42. Qc6 Qxc6 43. Nxc6 Ra8 44. Rbc3 f4 45. Na5 fxe3 46. fxe3 e5 47. Nb7 exd4 48. exd4 Bf4 49. Rf1 g5 50. g3 Bd6 51. Nxd6 cxd6 52. Rf5 Kg6 53. Rxd5 Rb8 54. Rc6 Rbd8 55. Rxb5 Ra7 56. Rbb6 Rxa3 57. Rxd6+ Rxd6 58. Rxd6+ Kf5 59. Rd5+ Kg4 60. Re5 Kf3 61. Rf5+ Kg4 62. Rf2 Rb3 63. d5 Rxb4 64. Rd2 Rb7 65. Kf2 Kf5 66. Ke3 Ke5 67. h3 Rb3+ 68. Kf2 Kd6 69. Ra2 g4 70. Ra6+ Kxd5 71. Ra5+ Ke4 72. Ra4+ Kf5 73. hxg4+ hxg4 74. Ra5+ Ke4 75. Ra4+ Kf5 76. Ra5+ Ke4 77. Ra4+ Kf5 78. Ra5+ Ke4 1/2-1/2